| 000 | 00662nam a2200253Ia 4500 | ||
|---|---|---|---|
| 005 | 20250425160742.0 | ||
| 008 | 250425s9999 xx 000 0 und d | ||
| 020 | _a848322013x | ||
| 041 | _aspa | ||
| 043 | _asp | ||
| 082 | _a001.64 | ||
| 100 | _aEDWARDS, CHRIS | ||
| 245 | 0 | _aFUNDAMENTOS DE SISTEMAS DE INFORMACIÓN | |
| 250 | _a2A ED. | ||
| 260 |
_aEspaña _bPRENTICE HALL _c1998 |
||
| 260 | _aMADRID | ||
| 300 | _a205 | ||
| 500 | _aTítulo Traducido: THE ESSENCE OF INFORMATION SYSTEMS | ||
| 650 | _aGESTION DE DESARROLLO | ||
| 650 | _aSISTEMAS DE INFORMACION | ||
| 700 |
_aZURDO CHAVES, JULIO _etraductor |
||
| 942 | _c01 | ||
| 010 | _a4418 | ||
| 999 |
_c195442 _d195442 |
||